000 00282nam a22001337a 4500
008 170919b xxu||||| |||| 00| 0 eng d
020 _a3061717137
041 _aeng
080 _a7
100 _a44
101 _aART
245 _aTHE ART OF DRAWING
_cBOHLICH,A
942 _2udc
_cBK
999 _c28286
_d28286